000 03314cam a22012254i 4500
003 PE-LiUPU
005 20250813185531.0
008 150625s r 000 0 d
035 _a(Sirsi) a38631
040 _aPE-LiUPU
_bspa
_cPE-LiUPU
_erda
082 0 4 _a370.115
_bM26
_221
245 0 0 _aNuevos liderazgos para el desarrollo y la liberación :
_bsistematización de la experiencia de 10 años de la Escuela de Líderes para el Desarrollo "Hugo Echegaray" /
_cIrma Mariño, Cecilia Tovar, Rosa Tenorio, César Del Mastro.
264 1 _aLima :
_bInstituto Bartolomé de las Casas,
_c2005(Lima : Eds. Serral).
300 _a234 páginas :
_bdiágramas, mapas, fotos ;
_c24 cm.
336 _atext
_2rdacontent
337 _aunmediated
_2rdamedia
338 _avolume
_2rdacarrier
505 0 _aLíderes que animan el desarrollo y la liberación. -La propuesta educativa de la Escuela Hugo Echegaray. -Aprendizajes, logros y desafíos. -Conclusiones y recomendaciones.
526 _aP202
526 _aP201
526 _aP163
526 _aP162
526 _aP161
526 _aP160
526 _aP148
526 _aP147
526 _aP146
526 _aP145
526 _aP144
526 _aP143
526 _aP142
526 _aP141
526 _aP140
526 _aP139
526 _aP138
526 _aP137
526 _aP136
526 _aP135
526 _aP134
526 _aP133
526 _aP129
526 _aP128
526 _aP127
526 _aP120
526 _aP119
526 _aP118
526 _aP116
526 _aP115
526 _aP114
526 _aP110
526 _aP109
526 _aP108
526 _aP104
526 _aP103
526 _aP102
526 _aP99
526 _aP98
526 _aP97
526 _aP96
526 _aP95
526 _aP93
526 _aP90
526 _aP89
526 _aP88
526 _aP83
526 _aP82
526 _aP62
526 _aP59
526 _aP58
526 _aP57
526 _aP51
526 _aP49
526 _aP48
526 _aP47
526 _aP29
526 _aP24
526 _aP20
526 _aP19
526 _aP17
526 _aP15
526 _aP14
526 _aP12
526 _aP10
526 _aP09
526 _aP08
526 _aP07
526 _aP06
526 _aP05
526 _aP04
526 _aP01
650 0 4 _aEducación
_xAspectos sociales
_zPerú.
650 0 4 _aLiderazgo
_vEstudio de casos.
650 0 4 _aCambio social
_zPerú.
700 1 _aMariño, Irma
710 2 _a.Instituto Bartolomé de las Casas (Lima)
700 1 _aTovar, Cecilia1945-
700 1 _aTenorio, Rosa
700 1 _aMastro, César del1979-.
910 _bjv
_clch
_d20080318
942 _2ddc
_cBOOK
949 _a370.115 M26
_wDEWEY
_c1
_i57953
_lCCODEBUL1
_mBUL
_p5.00
_r0
_sY
_tBOOK
_u2015-06-25
_xBIBLIOTECA
_zUNKNOWN
_0COMPRA
_o.STAFF. Colección General
596 _a1
999 _a370.115 M26
_wDEWEY
_c46936
_i57953
_f2021-11-5
_g5
_lCCODEBUL1
_mBUL
_p5.00
_r0
_sY
_tBOOK
_u2015-6-25
_xBIBLIOTECA
_zUNKNOWN
_0COMPRA
_o.STAFF. Colección General
_d46936
980 _81
_gALBERTO SANCHEZ Responsable de Automatización